000 00658nam a2200205Ia 4500
005 20260121110123.0
008 008 260114s9999 xx 000 0 hin d
020 _a9788132300328
037 _aEBOOK
040 _aCRL
_bhin
_cCRL
041 _ahin
_2hin
084 _qCRL
100 _aसंजय वर्मा / Sanjay Verma
_9942286
245 0 _aप्राचीन भारत का इतिहास / Prachin Bharat ka Itihas
260 _bभाषा प्रकाशन / Bhasha Prakashan
_c2020
856 _uhttps://bhashaprakashan.com/product-details/377698
942 _cEBOOK
999 _c1533951
_d1533951